000 00853nam a2200313 i 4500
999 _c65285
_d65285
001 768714001
003 CO-MdFUSB
005 20191023143336.0
008 191003t2011 nyu |||| |||| 00| 0 eng d
020 _a9780385343831
040 _aCO-MdFUSB
_bspa
_cCO-MdFUSB
_dCO-MdFUSBC
_erda
041 _aeng
082 _223
_a813.6
_bOB13t
100 _aObreht, Téa.
_eautor
245 4 _aThe tiger´s wife.
_c/ Téa Obreht.
264 1 _aNueva York :
_bRandom House,
_c[2011]
264 4 _c© 2011
300 _a337 páginas
_c; 22 cm
336 _2rdacontent
_atexto
_btxt
337 _2rdamedia
_asin mediación
_bn
338 _2rdacarrier
_avolumen
_bnc
500 _aNota de pasta
563 _aRústico
653 _aLiteratura americana.
653 _aNovela americana.
942 _cBK
945 _aJTF-925